000
00313nam a2200133Ia 4500
008
240624s9999 xx 000 0 und d
041
_a
eng
082
_a
320.512 PAL
100
_a
PALMER TOM G
245
_a
REALIZING FREEDOM
260
_c
2014
_a
Washington
_b
CATO
300
_a
682 : p. : cm. ; 22
365
_c
RS
999
_c
22904
_d
22904